Johari ya kiswahili : (Record no. 11615)
[ view plain ]
| 000 -LEADER | |
|---|---|
| fixed length control field | 00685nam a22002052 4500 |
| 001 - CONTROL NUMBER | |
| control field | 0000025110 |
| 005 - DATE AND TIME OF LATEST TRANSACTION | |
| control field | 20151217154514.0 |
| 008 - FIXED-LENGTH DATA ELEMENTS--GENERAL INFORMATION | |
| fixed length control field | 141127s xx 000 0 eng d |
| 020 ## - INTERNATIONAL STANDARD BOOK NUMBER | |
| International Standard Book Number | 9966252005 : |
| 040 ## - CATALOGING SOURCE | |
| Original cataloging agency | KABU |
| Transcribing agency | KABU |
| 245 10 - TITLE STATEMENT | |
| Title | Johari ya kiswahili : |
| Remainder of title | kidato cha 1, 2, 3, 4. / |
| Statement of responsibility, etc. | by Salome K. Maneno, [et al.]. |
| 260 ## - PUBLICATION, DISTRIBUTION, ETC. (IMPRINT) | |
| Place of publication, distribution, etc. | Nairobi : |
| Name of publisher, distributor, etc. | EAEP Ltd, |
| Date of publication, distribution, etc. | 2003. |
| 300 ## - PHYSICAL DESCRIPTION | |
| Extent | 4 vols. (various pagings). |
| 650 #0 - SUBJECT ADDED ENTRY--TOPICAL TERM | |
| Topical term or geographic name as entry element | Kiswahili. |
| -- | 0000185499 |
| 700 1# - ADDED ENTRY--PERSONAL NAME | |
| Personal name | Maneno, Salome K., [et al.] |
| -- | 0000185500 |
| 852 1# - LOCATION | |
| -- | p493 KES |
| 852 1# - LOCATION | |
| -- | p464 KES |
| 908 ## - PUT COMMAND PARAMETER (RLIN) | |
| Put command parameter | 141127 |
| 950 ## - LOCAL HOLDINGS (RLIN) | |
| -- | 1 |
| Withdrawn status | Lost status | Source of classification or shelving scheme | Not for loan | Home library | Current library | Date acquired | Total Checkouts | Full call number | Barcode | Date last seen | Date last checked out | Price effective from | Koha item type |
|---|---|---|---|---|---|---|---|---|---|---|---|---|---|
| Library of Congress Classification | Kabarak, Main Campus | Kabarak, Main Campus | 17/12/2015 | 6 | PL8702 .J64 2003 Bk1 c. 1 | 016649 | 19/07/2022 | 18/07/2022 | 17/12/2015 | Reserve Collection | |||
| Library of Congress Classification | Kabarak, Main Campus | Kabarak, Main Campus | 17/12/2015 | PL8702 .J64 2003 Bk3 c. 1 | 023237 | 17/12/2015 | 17/12/2015 | Reserve Collection | |||||
| Library of Congress Classification | Kabarak, Main Campus | Kabarak, Main Campus | 17/12/2015 | 3 | PL8702 .J64 2003 Bk2 c. 1 | 016651 | 01/10/2018 | 09/03/2017 | 17/12/2015 | Reserve Collection | |||
| Library of Congress Classification | Kabarak, Main Campus | Kabarak, Main Campus | 17/12/2015 | 1 | PL8702 .J64 2003 Bk4 c. 1 | 016650 | 11/11/2020 | 11/11/2020 | 17/12/2015 | Reserve Collection |